Country Logic Puzzle by Scambigol #50 - Statistics

General Stats
  • This quiz has been taken 115 times
  • The average score is 75 of 156
Answers on the Map
Answers color-coded by a green-red scale on the quiz's map according to % correct below.
 
Answer Stats
Country % Correct
Vietnam
72%
China
65%
France
63%
Laos
63%
Myanmar
63%
Tunisia
63%
Afghanistan
61%
Algeria
61%
Libya
61%
Niger
61%
Spain
61%
Chad
59%
Egypt
59%
India
59%
Israel
59%
Morocco
59%
Nepal
59%
Pakistan
59%
Syria
59%
Turkey
59%
Brazil
57%
Guatemala
57%
Iran
57%
Iraq
57%
Mexico
57%
Paraguay
57%
United States
57%
Argentina
54%
Belize
54%
Bolivia
54%
Cambodia
54%
Canada
54%
Colombia
54%
Costa Rica
54%
El Salvador
54%
Germany
54%
Honduras
54%
Mali
54%
Mauritania
54%
Nicaragua
54%
Panama
54%
Peru
54%
Thailand
54%
Belarus
52%
Chile
52%
Czech Republic
52%
Denmark
52%
Ecuador
52%
Gambia
52%
Jordan
52%
Kazakhstan
52%
Kyrgyzstan
52%
Lebanon
52%
Poland
52%
Russia
52%
Saudi Arabia
52%
Senegal
52%
Ukraine
52%
Uruguay
52%
East Timor
50%
Guyana
50%
Indonesia
50%
Ireland
50%
Luxembourg
50%
Malaysia
50%
North Korea
50%
Papua NewGuinea
50%
Portugal
50%
South Korea
50%
Suriname
50%
Tajikistan
50%
United Kingdom
50%
Venezuela
50%
Austria
48%
Bhutan
48%
Georgia
48%
Slovakia
48%
Slovenia
48%
Sudan
48%
Armenia
46%
Azerbaijan
46%
Bangladesh
46%
Brunei
46%
Central AfricanRepublic
46%
Djibouti
46%
Eritrea
46%
Italy
46%
Ivory Coast
46%
Kuwait
46%
Netherlands
46%
Qatar
46%
South Sudan
46%
Switzerland
46%
Andorra
43%
Belgium
43%
Bulgaria
43%
Burkina Faso
43%
Ghana
43%
Guinea
43%
Guinea-Bissau
43%
Haiti
43%
Liberia
43%
Monaco
43%
Mongolia
43%
Oman
43%
Romania
43%
Sierra Leone
43%
United ArabEmirates
43%
Yemen
43%
Albania
41%
Benin
41%
Bosnia andHerzegovina
41%
Cameroon
41%
North Macedonia
41%
DominicanRepublic
41%
Ethiopia
41%
Greece
41%
Hungary
41%
Kenya
41%
Kosovo
41%
Latvia
41%
Liechtenstein
41%
Lithuania
41%
Moldova
41%
Nigeria
41%
Serbia
41%
Somalia
41%
Togo
41%
Turkmenistan
41%
Uzbekistan
41%
Angola
39%
Croatia
39%
EquatorialGuinea
39%
Estonia
39%
Finland
39%
Gabon
39%
Norway
39%
Rep of theCongo
39%
Sweden
39%
Botswana
37%
DR Congo
37%
Eswatini
37%
Lesotho
37%
Malawi
37%
Montenegro
37%
Mozambique
37%
Namibia
37%
South Africa
37%
Tanzania
37%
Zambia
37%
Zimbabwe
37%
Burundi
33%
Rwanda
33%
Uganda
33%
San Marino
30%
Vatican City
30%
No matching quizzes found
Score Distribution
Percent of People with Each Score
Percentile by Number Answered
Your Score History
You have not taken this quiz